| 000 | 01503nam a22002177a 4500 | ||
|---|---|---|---|
| 999 |
_c61578 _d61578 |
||
| 003 | Ge_BSU | ||
| 005 | 20240326111615.0 | ||
| 008 | 240326s2012 ge ||||| |||| 00| 0 geo d | ||
| 022 | _a15120694 | ||
| 041 | _ageo | ||
| 080 | _a008(09) კ-89 | ||
| 245 |
_aკულტურის ისტორიისა და თეორიის საკითხები = Issues of History and Theory of Culture: _bXXVII: აღმოსავლური კრებული / _cმთ. რედ. გ. ლორთქიფანიძე; ტომის რედ.მ. მშვილდაძე; |
||
| 264 |
_aთბილისი: _bმწიგნობარი, _c2012. |
||
| 300 |
_a119 გვ.: _b ილ. _c19 სმ. |
||
| 546 | _aრეზიუმე ინგლისურ ენაზე. | ||
| 653 | _aივ. ჯავახიშვილის თბილისის სახელმწიფო უნივერსიტეტის ისრაელის ცენტრი. კულტურის ისტორია. | ||
| 700 |
_aლორთქიფანიძე, გ _eმთავარი რედაქტორი _91484 |
||
| 700 |
_aმშვილდაძე, მ _eტომის რედაქტორი _921586 |
||
| 710 |
_aივ. ჯავახიშვილის თბილისის სახელმწიფო უნივერსიტეტის ისრაელის ცენტრი _921587 |
||
| 942 |
_2udc _cBK |
||